000
00322nam a22001457a 4500
008
231124b ||||| |||| 00| 0 eng d
020
_a
015555130
041
_a
eng
080
_a
316
082
_a
316COS
100
_a
24
101
_a
SOCIOL
245
_a
MASTERS OF SOCIOLOGICAL THOUGHT
_c
COSER.A.L
942
_2
udc
_c
BK
999
_c
60510
_d
60510